[Event "Krajský pøebor jednotlivcù KHŠS 2014"]
[Site "Janske Lazne"]
[Date "2014.05.11"]
[Round "8.14"]
[White "Framberk, Jan"]
[Black "Kucera, Tomas"]
[Result "1-0"]
[WhiteElo "2032"]
[BlackElo "2024"]
[PlyCount "62"]
[EventDate "2014.05.06"]

1. e4 e6 2. d3 d5 3. Nd2 b6 4. Ngf3 Nf6 5. g3 dxe4 6. dxe4 Bc5 7. Bg2 Ba6 8. c4
e5 9. O-O Qe7 10. Qa4+ Qd7 11. Qc2 Bb7 12. Nxe5 Qe7 13. Nd3 Nc6 14. Nb3 Bd4 15.
e5 Nd7 16. Bxc6 Bxf2+ 17. Qxf2 Bxc6 18. Nd4 Be4 19. Nf5 Bxf5 20. Qxf5 O-O 21.
Bf4 Nc5 22. Bg5 Qd7 23. Nxc5 Qd4+ 24. Qf2 bxc5 25. Qxd4 cxd4 26. Rad1 Rfe8 27.
Rxd4 Rxe5 28. Bf4 Re2 29. Rf2 Re7 30. Rfd2 f6 31. Rd7 Rae8 1-0

[Event "Krajský pøebor jednotlivcù KHŠS 2014"]
[Site "Janske Lazne"]
[Date "2014.05.11"]
[Round "8.15"]
[White "Portych, Vaclav"]
[Black "Safarik, Jakub"]
[Result "0-1"]
[WhiteElo "1818"]
[BlackElo "2112"]
[PlyCount "40"]
[EventDate "2014.05.06"]

1. c4 Nf6 2. Nc3 g6 3. g3 Bg7 4. Bg2 O-O 5. e3 d6 6. d4 c6 7. Nge2 Nbd7 8. O-O
e5 9. dxe5 Nxe5 10. b3 Bg4 11. Bb2 Qd7 12. Qc2 Bf3 13. Rad1 Qg4 14. Rd4 Bxg2
15. Rxg4 Bxf1 16. Rd4 Bh3 17. Rxd6 Nf3+ 18. Kh1 Rad8 19. Rxd8 Rxd8 20. Nd4 Bg2+
0-1

[Event "Krajský pøebor jednotlivcù KHŠS 2014"]
[Site "Janske Lazne"]
[Date "2014.05.11"]
[Round "8.16"]
[White "Martinovsky, Miroslav"]
[Black "Chalupecky, Vladimir"]
[Result "0-1"]
[WhiteElo "1812"]
[BlackElo "2006"]
[PlyCount "88"]
[EventDate "2014.05.06"]

1. d4 d6 2. c4 Nf6 3. g3 Nbd7 4. Bg2 e5 5. Nc3 Be7 6. e4 c6 7. Nf3 Qc7 8. O-O
O-O 9. b3 Re8 10. Bb2 Nf8 11. Re1 Ng6 12. Qd3 Bg4 13. d5 c5 14. h3 Bd7 15. Kh2
Rf8 16. Rf1 h5 17. Ng1 h4 18. Bc1 Nh7 19. g4 Nf4 20. Qf3 Ng5 21. Qd1 Nxg2 22.
Kxg2 a6 23. f4 exf4 24. Bxf4 Nh7 25. Qd3 f6 26. Nge2 Rfb8 27. a4 g5 28. Bd2 Nf8
29. Ng1 Ng6 30. Nf3 Kg7 31. Kh2 Qc8 32. Rg1 Qe8 33. Rgb1 Bd8 34. Nd1 b5 35.
axb5 axb5 36. Qc3 bxc4 37. bxc4 Rxb1 38. Rxb1 Ba5 39. Qc2 Bxd2 40. Qxd2 Qxe4
41. Rb7 Qxf3 42. Rxd7+ Kh6 43. Ne3 Qg3+ 44. Kh1 Ra1+ 0-1

[Event "Krajský pøebor jednotlivcù KHŠS 2014"]
[Site "Janske Lazne"]
[Date "2014.05.11"]
[Round "8.17"]
[White "Peroutka, Ivo"]
[Black "Peniska, Pavel"]
[Result "1-0"]
[WhiteElo "1938"]
[BlackElo "1905"]
[PlyCount "99"]
[EventDate "2014.05.06"]

1. d4 Nf6 2. c4 g6 3. Nc3 Bg7 4. Nf3 c5 5. e3 O-O 6. Be2 d5 7. cxd5 Nxd5 8. Qb3
Nxc3 9. bxc3 Nc6 10. O-O Na5 11. Qc2 Qc7 12. Ba3 cxd4 13. exd4 Be6 14. Rfe1 Bf6
15. Qa4 Nc4 16. Bxc4 Bxc4 17. Ne5 b5 18. Qc2 Rfc8 19. g3 e6 20. Bc5 Bd5 21. Qe2
Bxe5 22. Qxe5 Qxe5 23. Rxe5 Rc6 24. f4 Ra6 25. a3 Ra4 26. Ree1 h5 27. Kf2 f5
28. Ke3 Kf7 29. Reb1 Bc4 30. Rb2 Rd8 31. Rab1 Rd7 32. Rxb5 Bxb5 33. Rxb5 Ra6
34. Rb8 Rc6 35. Rf8+ Kg7 36. Ra8 Rcc7 37. Bf8+ Kf7 38. Kd3 Rc6 39. c4 Rdc7 40.
Bc5 g5 41. Rh8 Kg7 42. Rxh5 gxf4 43. gxf4 Rxc5 44. dxc5 Rxc5 45. Kc3 Kg6 46.
Rh8 e5 47. Kb4 Rc7 48. fxe5 f4 49. Kc3 f3 50. Rf8 1-0

[Event "Krajský pøebor jednotlivcù KHŠS 2014"]
[Site "Janske Lazne"]
[Date "2014.05.11"]
[Round "8.19"]
[White "Mladek, Richard"]
[Black "Stanek, Petr"]
[Result "1/2-1/2"]
[WhiteElo "1610"]
[BlackElo "1911"]
[PlyCount "71"]
[EventDate "2014.05.06"]

1. e4 e6 2. d4 d5 3. exd5 exd5 4. Bd3 Bd6 5. Nf3 Ne7 6. Bg5 f6 7. Bh4 Nbc6 8.
c3 Bf5 9. O-O Bxd3 10. Qxd3 Qd7 11. b4 O-O 12. Nbd2 a6 13. Rfe1 Qf5 14. Qxf5
Nxf5 15. Nb3 b6 16. a4 Kf7 17. a5 b5 18. Bg3 Nxg3 19. hxg3 Rfe8 20. Kf1 Rxe1+
21. Nxe1 Nd8 22. Nd3 Ne6 23. Re1 Re8 24. f4 g6 25. Kf2 h5 26. Kf3 f5 27. Re3
Re7 28. Nbc5 Bxc5 29. bxc5 Nd8 30. Rxe7+ Kxe7 31. Nb4 c6 32. Ke2 Kd7 33. Nxa6
Nb7 34. Nb4 Nxa5 35. Nd3 Ke6 36. Ne5 1/2-1/2

[Event "Krajský pøebor jednotlivcù KHŠS 2014"]
[Site "Janske Lazne"]
[Date "2014.05.11"]
[Round "8.21"]
[White "Vystrcil, Martin"]
[Black "Nosek, Jan"]
[Result "1/2-1/2"]
[WhiteElo "1794"]
[BlackElo "1770"]
[PlyCount "65"]
[EventDate "2014.05.06"]

1. e4 c5 2. Nf3 Nc6 3. d4 cxd4 4. Nxd4 g6 5. Nc3 Bg7 6. Be3 Nf6 7. Bc4 O-O 8.
Bb3 Qa5 9. f3 d6 10. Qd2 Bd7 11. O-O-O Rac8 12. Kb1 Rfe8 13. g4 Ne5 14. h4 h5
15. g5 Nh7 16. f4 Nc4 17. Bxc4 Rxc4 18. Nb3 Qb4 19. a3 Bxc3 20. axb4 Bxd2 21.
Nxd2 Rxb4 22. Bxa7 Ra8 23. Bf2 Be6 24. b3 Rb5 25. Kb2 Rba5 26. Ra1 Rxa1 27.
Rxa1 Rxa1 28. Kxa1 Kf8 29. Kb2 Ke8 30. c4 Bg4 31. Kc3 Nf8 32. Be3 Kd7 33. b4
1/2-1/2

[Event "Krajský pøebor jednotlivcù KHŠS 2014"]
[Site "Janske Lazne"]
[Date "2014.05.11"]
[Round "8.22"]
[White "Neubauer, Vilem"]
[Black "Jina, Lubos"]
[Result "1-0"]
[WhiteElo "1840"]
[BlackElo "1809"]
[PlyCount "67"]
[EventDate "2014.05.06"]

1. f4 d5 2. g3 g6 3. Nf3 Bg7 4. Bg2 c6 5. O-O Nh6 6. d4 O-O 7. h3 Qb6 8. g4 f6
9. Kh1 Na6 10. a4 Qd8 11. b3 Nc7 12. Ba3 Re8 13. Qd2 Ne6 14. c4 Nc7 15. cxd5
Nxd5 16. e4 Nc7 17. Nc3 e6 18. Rae1 Bf8 19. Bxf8 Rxf8 20. f5 Nf7 21. fxg6 hxg6
22. Nh4 Kg7 23. Qf2 Ne8 24. Ne2 g5 25. Nf3 f5 26. Ng3 fxg4 27. Nh5+ Kg6 28.
Ne5+ Nxe5 29. Qxf8 Kxh5 30. Qh8+ Kg6 31. dxe5 Qe7 32. hxg4 b6 33. Rf8 Bd7 34.
Ref1 1-0

[Event "Krajský pøebor jednotlivcù KHŠS 2014"]
[Site "Janske Lazne"]
[Date "2014.05.11"]
[Round "8.23"]
[White "Tsapanidis, Vasilis"]
[Black "Laloucek, Miroslav"]
[Result "1-0"]
[WhiteElo "1779"]
[BlackElo "1812"]
[PlyCount "116"]
[EventDate "2014.05.06"]

1. Nf3 f5 2. d4 Nf6 3. e3 g6 4. b3 Bg7 5. Bb2 b6 6. Nbd2 Bb7 7. Be2 O-O 8. c4
e6 9. O-O Ne4 10. Qc2 d5 11. cxd5 exd5 12. Rac1 c6 13. g3 Rf6 14. Ne5 Nd7 15.
Ndf3 Rc8 16. Nxd7 Qxd7 17. Ne5 Qd8 18. h4 Re6 19. Nd3 Qd6 20. Nf4 Ree8 21. Rfd1
Bh6 22. Kg2 Qe7 23. Bd3 Nf6 24. Re1 Bxf4 25. gxf4 Qc7 26. b4 Re6 27. Rg1 Rce8
28. Kh3 Bc8 29. Qd2 Qe7 30. a3 Ng4 31. Rce1 Nxe3 32. fxe3 Rxe3+ 33. Rxe3 Qxe3+
34. Qxe3 Rxe3+ 35. Rg3 Rxg3+ 36. Kxg3 h5 37. b5 Bb7 38. bxc6 Bxc6 39. Ba6 Kf7
40. Bc3 Ke7 41. Bd3 Kd7 42. Bb4 a5 43. Bd2 Ba4 44. Kf3 Kd6 45. Ke3 Kc7 46. Bc3
Bc6 47. Bc2 Kb7 48. Bb3 Ka6 49. Kd2 a4 50. Ba2 b5 51. Bb4 Kb6 52. Kc3 Bb7 53.
Be7 Kc6 54. Kb4 Bc8 55. Ka5 Be6 56. Bb1 Kd7 57. Bg5 Kc6 58. Bd3 b4 1-0

[Event "Krajský pøebor jednotlivcù KHŠS 2014"]
[Site "Janske Lazne"]
[Date "2014.05.11"]
[Round "8.24"]
[White "Svec, Ludek"]
[Black "Sadil, Jan"]
[Result "0-1"]
[WhiteElo "1749"]
[BlackElo "1723"]
[PlyCount "68"]
[EventDate "2014.05.06"]

1. Nf3 Nf6 2. c4 g6 3. Nc3 Bg7 4. e4 d6 5. d4 O-O 6. Be2 Nbd7 7. O-O e5 8. Bg5
Qe8 9. Nb5 Qd8 10. dxe5 dxe5 11. Qc2 a6 12. Nc3 c6 13. Rad1 Qc7 14. h3 Nc5 15.
b4 Ne6 16. Be3 Nh5 17. c5 Nef4 18. Bc4 Be6 19. Bxe6 fxe6 20. Nd2 Qe7 21. Nc4
Qg5 22. Bxf4 Nxf4 23. f3 Nxh3+ 24. Kh1 Nf4 25. Qf2 Nh5 26. Ne2 Bh6 27. g3 Nf6
28. Qg1 Rad8 29. Rd6 Rxd6 30. Nxd6 Qd2 31. Qh2 Nh5 32. f4 Qxe2 33. Qxe2 Nxg3+
34. Kg2 Nxe2 0-1

[Event "Krajský pøebor jednotlivcù KHŠS 2014"]
[Site "Janske Lazne"]
[Date "2014.05.11"]
[Round "8.25"]
[White "Mares, Ilja"]
[Black "Tobiskova, Petra"]
[Result "1/2-1/2"]
[WhiteElo "1786"]
[BlackElo "1591"]
[PlyCount "92"]
[EventDate "2014.05.06"]

1. e4 c5 2. Nf3 e6 3. d4 d5 4. dxc5 Bxc5 5. exd5 exd5 6. Bd3 Nf6 7. O-O O-O 8.
Bg5 h6 9. Bh4 Be6 10. c3 Nc6 11. Nbd2 Rc8 12. Nb3 Bb6 13. Bc2 Re8 14. Qd3 g6
15. Nbd4 Kg7 16. Rae1 Nxd4 17. Nxd4 Qd7 18. f3 Qd6 19. Bg3 Qd7 20. Kh1 Kf8 21.
Qd2 Ng8 22. Bf4 Bxd4 23. Qxd4 Rc4 24. Qd2 g5 25. Be5 Ne7 26. Bb3 Rcc8 27. f4
Ng6 28. fxg5 h5 29. Bf6 Bg4 30. Qf2 Rxe1 31. Rxe1 Re8 32. h3 Rxe1+ 33. Qxe1
Bxh3 34. Qg3 Be6 35. Qb8+ Qc8 36. Qxa7 Nh4 37. Qd4 Nf5 38. Qe5 h4 39. Kh2 Kg8
40. Bxd5 Bxd5 41. Qxd5 Qc7+ 42. Be5 Qe7 43. g6 Nh6 44. Bf4 Ng4+ 45. Kh3 Nf2+
46. Kh2 Ng4+ 1/2-1/2